LEADER 01315nam0-22003851i-450- 001 990004747520403321 005 20110708121115.0 035 $a000474752 035 $aFED01000474752 035 $a(Aleph)000474752FED01 035 $a000474752 100 $a19990604d1821----km-y0itay50------ba 101 0 $alat 102 $aIT 105 $ay-------001yy 200 1 $aAlbii Tibulli Carmina quae exstant omnia ex recensione F. Wunderlichii cum notis G. Heynii. Tomus primus [-secundus] 210 $aAugustae Taurinorum$cEx Typis viduae Pomba et filiorum$d1821 215 $a2 v.$d24 cm 300 $aCors. ; rom 300 $aIniziali xil 327 0 $a2.: Observationes in Tibullum. - 1821 620 $dTorino 676 $a870.01 700 1$aTibullus,$bAlbius$f$0161758 702 1$aHeyne,$bChristian Gottlob$f<1729-1812> 702 1$aWunderlich,$bErnst Karl Friedrich 801 0$aIT$bUNINA$gRICA$2UNIMARC 901 $aAQ 912 $a990004747520403321 952 $aBALL. V A 82$bSc. Ped. 2503$fFLFBC 952 $aBVA79$bBIBL.2496$fFLFBC 952 $aSG 870/B 20 (2)$bSc. ped. 2505$fFLFBC 959 $aFLFBC 996 $aAlbii Tibulli Carmina quae exstant omnia ex recensione F. Wunderlichii cum notis G. Heynii. Tomus primus$9558057 997 $aUNINA LEADER 01247nam0-22003851i-450- 001 990001190450403321 005 20090820123841.0 010 $a0-8247-9234-3 035 $a000119045 035 $aFED01000119045 035 $a(Aleph)000119045FED01 035 $a000119045 100 $a20001205d1994----km-y0itay50------ba 101 0 $aeng 102 $aUS 200 1 $aOptimal control of differential equations$ea festschrift in honor of Constantin Corduneanu$fedited by Nicolae H. Pavel 210 $aNew York [etc.]$cMarcel Dekker$dc1994 215 $ax, 335 p.$d26 cm 225 1 $aLecture notes in pure and applied mathematics$v160 610 0 $aControllo ottimale$aCongressi 610 0 $aTeoria dei controlli$aCongressi 610 0 $aOttimizzazione matematica$aCongressi 676 $a515.64 702 1$aPavel,$bNicolae H. 710 12$aInternational Conference on Optimal Control of Differential Equations$f<1993 ;$eAthens, Ohio>$0316241 801 0$aIT$bUNINA$gRICA$2UNIMARC 901 $aBK 912 $a990001190450403321 952 $aC-7-(160$b13919$fMA1 959 $aMA1 962 $a49J20 962 $a49K20 962 $a93-XX 996 $aOptimal control of differential equations$9341254 997 $aUNINA